Nguyên lý thống kê
Đã lưu trong:
| 格式: | 圖書 |
|---|---|
| 語言: | Vietnamese |
| 出版: |
H. :
Trường kỹ thuật cơ điện ,
1977
|
| 版: | In lần thứ 1 |
| 主題: | |
| 標簽: |
添加標簽
沒有標簽, 成為第一個標記此記錄!
|
| Thư viện lưu trữ: | Thư viện Trường CĐ Kỹ Thuật Cao Thắng |
|---|
| LEADER | 00601nam a2200193 a 4500 | ||
|---|---|---|---|
| 001 | TVCDKTCT986 | ||
| 003 | Thư viện trường Cao đẳng Kỹ thuật Cao Thắng | ||
| 005 | 20050805000000 | ||
| 008 | 050805 | ||
| 980 | \ | \ | |a Thư viện Trường CĐ Kỹ Thuật Cao Thắng |
| 024 | |a RG_1 #1 eb0 i1 | ||
| 041 | 0 | # | |a vie |
| 082 | # | # | |a 330.01 / |b NG527K |
| 245 | 0 | 0 | |a Nguyên lý thống kê |
| 250 | # | # | |a In lần thứ 1 |
| 260 | # | # | |a H. : |b Trường kỹ thuật cơ điện , |c 1977 |
| 300 | # | # | |a 141tr. ; |c 27cm |
| 650 | # | 4 | |a Kinh tế |
| 650 | # | 4 | |a Nguyên lý thống kê |